书目信息 |
| 题名: |
李煜词传
|
|
| 作者: | 篱落 编著 | |
| 分册: | ||
| 出版信息: | 北京 应急管理出版社 2019 |
|
| 页数: | 183页 | |
| 开本: | 21cm | |
| 丛书名: | ||
| 单 册: | ||
| 中图分类: | K827=432 , I207.23 | |
| 科图分类: | ||
| 主题词: | ||
| 电子资源: | ||
| ISBN: | 978-7-5020-7791-4 | |
| 000 | 00866nam0 2200277 450 | |
| 001 | 2156255419 | |
| 005 | 20211011172911.0 | |
| 010 | @a978-7-5020-7791-4@dCNY29.80 | |
| 100 | @a20210128d2019 em y0chiy50 ea | |
| 101 | 0 | @achi |
| 102 | @aCN@b110000 | |
| 105 | @ay z 000yb | |
| 106 | @ar | |
| 200 | 1 | @a李煜词传@Ali yu ci chuan@e问君能有几多愁@f篱落编著 |
| 210 | @a北京@c应急管理出版社@d2019 | |
| 215 | @a183页@d21cm | |
| 300 | @a经典词传 | |
| 330 | @a本书分为乱世纷争、菊花开,菊花残、心事数茎白发、樱桃落尽春归去、念金陵五部分。 | |
| 517 | 1 | @a问君能有几多愁@Awen jun neng you ji duo chou |
| 600 | 0 | @a李煜@Ali yu@f(937-978)@x传记 |
| 600 | 0 | @a李煜@Ali yu@f(937-978)@x词(文学)@x诗歌研究 |
| 690 | @aK827=432@v5 | |
| 690 | @aI207.23@v5 | |
| 701 | 0 | @a篱落@Ali luo@4编著 |
| 801 | 0 | @aCN@b百万庄@c20211006 |
| 905 | @b1305082-85@dK827=432@e1061@f4 | |
| 李煜词传:问君能有几多愁/篱落编著.-北京:应急管理出版社,2019 |
| 183页;21cm |
| 经典词传 |
| ISBN 978-7-5020-7791-4:CNY29.80 |
| 本书分为乱世纷争、菊花开,菊花残、心事数茎白发、樱桃落尽春归去、念金陵五部分。 |
| ● |
| 相关链接 |
|
|
|
|
正题名:李煜词传
索取号:K827=432/1061
 
预约/预借
| 序号 | 登录号 | 条形码 | 馆藏地/架位号 | 状态 | 备注 |
| 1 | 1305082 | 213050829 | 第二样本阅览室/ [索取号:K827=432/1061] | 在馆 | |
| 2 | 1305083 | 213050838 | 第二借阅区/ [索取号:K827=432/1061] | 在馆 | |
| 3 | 1305084 | 213050847 | 第二借阅区/ [索取号:K827=432/1061] | 在馆 | |
| 4 | 1305085 | 213050856 | 第二借阅区/ [索取号:K827=432/1061] | 在馆 |